Portugal's war in Angola 1961-1974 (Registro nro. 180570)

Detalles MARC
000 -ENCABEZADO
Número de control [NR] 00904 a2200241 4500
005 - FECHA Y HORA DE LA ÚLTIMA TRANSACCIÓN
control field 20140903174924.0
008 - DE LONGITUD FIJA DE DATOS DE ELEMENTOS - INFORMACIÓN GENERAL
Elementos de longitud fija [NR] 130912s2011 sa o gr|||| 001 0 eng d
020 ## - NUMERO INTERNACIONAL NORMALIZADO PARA LIBROS [R]
Número Internacional Normalizado del libro [NR] 9781869193515
040 ## - FUENTE DE CATALOGACION [NR]
Agencia de catalogación original [NR] CO-BoUCM
Idioma de catalogación [NR] spa
Quien Cataloga Jose A. Gerena
Quien Clasifica Aldemar Mondragón
041 00 - CODIGO DE IDIOMA [R]
Código de idioma para texto/pista de sonido o título separado [R] Inglés
100 1# - ASIENTO PRINCIPAL--NOMBRE PERSONAL [NR]
Nombre personal [NR] Waals, W.A. van der
ID Autoridad 45039
245 00 - MENCION DE TITULO [NR]
Título [NR] Portugal's war in Angola 1961-1974
Mención de responsabilidad, etc. [NR] W. S. van der Waals
250 ## - MENCION DE EDICION [NR]
Mención de edición [NR] 2nd ed
260 ## - PUBLICACION, DISTRIBUCION, ETC. (PIE DE IMPRENTA) [R]
Fecha de publicación, distribución, etc. [R] 2011
Nombre del editor, distribuidor, etc. [R] Protea Book House
Lugar de publicación, distribución, etc. [R] Pretoria (Gauteng, Sudáfrica)
300 ## - DESCRIPCION FISICA [R]
Extensión [R] xix, 320 páginas
Otros detalles físicos [NR] fotografías
504 ## - NOTA DE BIBLIOGRAFIA, ETC. [R]
Nota de bibliografía, etc. [NR] Incluye referencias bibliográficas e índices
651 #4 - ASIENTO SECUNDARIO DE MATERIA - NOMBRE GEOGRAFICO [R]
Nombre geográfico [NR] Angola
Subdivisión general [R] Historia
Subdivisión cronológica [R] Revolución, 1961-1975
9 (RLIN) 44290
651 #4 - ASIENTO SECUNDARIO DE MATERIA - NOMBRE GEOGRAFICO [R]
Nombre geográfico [NR] Angola
Subdivisión general [R] Relaciones exteriores
Subdivisión geográfica [R] Portugal
9 (RLIN) 45060
651 #4 - ASIENTO SECUNDARIO DE MATERIA - NOMBRE GEOGRAFICO [R]
Nombre geográfico [NR] Portugal
Subdivisión general [R] Relaciones exteriores
Subdivisión geográfica [R] Angola
9 (RLIN) 45061
690 ## - ASUNTO AGREGADO LOCAL DE ENTRADA - TÉRMINO TEMÁTICO (OCLC, RLIN)
Acceso temático local Historia de África
942 ## - ELEMENTOS DE ENTRADA AGREGADOS (KOHA)
Tema principal Historia
Tipo de ítem principal el descrito en 300a Libro
Edición 2
Parte restante de la signatura top. V217p
Sistema de clasificación DEWEY
Clasificación 967.303
Existencias
Fecha de último préstamo Total préstamos Signatura topográfica Código de barras Última vez visto Ejemplar Costo de reposición Price effective from Tipo de ítem Perdido Sistema de clasificación Dañado No prestable Tipo de ítem específico Suprimido Ubicación habitual Ubicación actual Localización Fecha de creación Proveedor Forma de adquisición Costo
14/03/2014 2 967.303 V217p 100136102 10/12/2025 Ej.1 56908.00 05/09/2013 Libro   DEWEY     Libro   Claustro Claustro 2do piso 05/09/2013 15 Compra 58300.00